|
|
|
|
| LEADER |
01588nam a2200373 a 4500 |
| 001 |
39115 |
| 003 |
BD-DhAAL |
| 008 |
220731t2010 bg a 000 0 eng d |
| 999 |
|
|
|c 44688
|d 44688
|
| 010 |
|
|
|a 2011323215
|
| 020 |
|
|
|a 9789843318039
|
| 025 |
|
|
|a B-E-2011-323215; 26
|
| 037 |
|
|
|b Library of Congress -- New Delhi Overseas Office
|
| 040 |
|
|
|a DLC
|c DLC
|d DLC
|d BD-DhAAL
|
| 042 |
|
|
|a lcode
|a pcc
|
| 043 |
|
|
|a a-bg---
|
| 050 |
0 |
0 |
|a HV395.6
|b .D53 2010
|
| 082 |
|
|
|a 361.76095492
|
| 245 |
0 |
0 |
|a Diaspora philanthropy in Bangladesh :
|b [selected case studies, profiles, and database] /
|c [editors Rashida Ahmad, Safi Rahman Khan, Mazharul Islam ; case studies, Rashida Ahmad, Mohammad Yousuf ; database & information collection, Md. Feroz Ahmmead, Sadia Faruque].
|
| 260 |
|
|
|a Dhaka :
|b Bangladesh Freedom Foundation,
|c 2010.
|
| 300 |
|
|
|a 128 pages :
|b illustrations ;
|c 23 cm.
|
| 541 |
|
|
|a Donated By Akbar Ali Khan
|e 39115
|
| 650 |
|
0 |
|a Charities
|z Bangladesh.
|9 50426
|
| 650 |
|
0 |
|a Charities
|z Bangladesh
|v Case studies.
|9 50427
|
| 700 |
1 |
|
|a Ahmad, Rashida.
|9 50428
|
| 700 |
1 |
|
|a Khan, Safi Rahman.
|9 50429
|
| 700 |
0 |
|
|a Mazharul Islam.
|9 50430
|
| 700 |
1 |
|
|a Yousuf, Mohammad.
|9 50431
|
| 700 |
1 |
|
|a Ahmmead, Md. Feroz.
|9 50432
|
| 700 |
1 |
|
|a Faruque, Sadia.
|9 50433
|
| 710 |
2 |
|
|a Bangladesh Freedom Foundation.
|9 50434
|
| 852 |
|
|
|a Ayesha Abed Library
|c Akbar Ali Khan Collection
|
| 942 |
|
|
|2 ddc
|c BK
|
| 952 |
|
|
|0 0
|1 0
|2 ddc
|4 0
|6 361_760954920000000_DIA
|7 1
|9 71410
|a BRACUL
|b BRACUL
|c AAKC
|d 2022-07-31
|e Donated by Akbar Ali Khan
|l 0
|o 361.76095492 DIA
|p 3010039115
|r 2022-07-31
|t 1
|w 2022-07-31
|y BK
|